000 00669cam a22002293a 4500
001 18459
003 PGUSA
005 20140828083407.0
008 060527s2006||||xxu|||||s|||||000 | eng d
040 _aPGUSA
_beng
042 _adc
050 4 _aPQ
100 1 _aColonna, Francesco,
_d-1527
245 1 0 _aHypnerotomachia :
_bThe Strife of Loue in a Dreame
_h[electronic resource] /
_cFrancesco Colonna
260 _bProject Gutenberg,
_c2006
506 _aPublic domain in the USA.
516 _aElectronic text
700 1 _aDallington, Robert,
_d1561-1637
830 0 _aProject Gutenberg
_v18459
856 4 0 _uhttp://www.gutenberg.org/ebooks/18459
942 _cEB
999 _c247714
_d247714